Test de rapidité - Tapez le plus vite possible sur clavier #6 (hard) - Statistiques

Statistiques générales
  • Ce quiz a été pris 94 fois
  • Le résultat moyen est 80 sur 300
Statistiques - réponses
Réponses % Correct
P
100%
O
98%
I
95%
U
93%
O
89%
P
89%
I
88%
U
88%
I
86%
O
86%
P
86%
P
86%
U
86%
I
84%
O
84%
P
81%
U
81%
I
79%
O
79%
U
79%
O
75%
P
75%
I
74%
O
74%
P
74%
U
74%
I
72%
I
72%
O
72%
P
72%
U
72%
O
70%
P
70%
U
70%
I
68%
I
68%
O
68%
P
68%
U
68%
O
67%
P
67%
U
67%
I
65%
I
65%
O
65%
P
65%
U
65%
U
65%
I
63%
O
63%
P
63%
U
61%
I
60%
I
60%
O
60%
O
60%
P
60%
P
60%
U
60%
O
58%
P
58%
U
58%
I
56%
I
56%
O
56%
P
56%
U
56%
U
56%
O
54%
P
54%
I
53%
U
53%
O
49%
P
49%
I
47%
I
47%
I
47%
O
47%
O
47%
P
47%
P
47%
P
47%
U
47%
U
47%
U
47%
I
44%
O
44%
O
44%
P
44%
U
44%
I
42%
I
42%
O
42%
O
42%
P
42%
P
42%
U
42%
U
42%
I
40%
U
39%
O
37%
P
37%
I
35%
I
35%
I
35%
O
35%
O
35%
P
35%
P
35%
U
35%
U
35%
I
33%
I
33%
O
33%
O
33%
P
33%
P
33%
P
33%
U
33%
U
33%
U
33%
O
30%
I
28%
U
26%
I
25%
O
25%
P
25%
U
25%
I
23%
O
23%
P
23%
U
23%
I
21%
O
21%
P
21%
P
21%
U
21%
O
19%
I
18%
O
16%
P
16%
U
16%
I
14%
U
14%
I
12%
I
12%
O
12%
O
12%
P
12%
P
12%
P
12%
U
12%
U
12%
I
11%
O
11%
P
11%
U
11%
I
9%
I
9%
I
9%
O
9%
O
9%
O
9%
O
9%
P
9%
P
9%
P
9%
U
9%
U
9%
U
9%
I
7%
I
5%
O
5%
O
5%
P
5%
P
5%
U
5%
U
5%
I
4%
I
4%
I
4%
I
4%
I
4%
I
4%
I
4%
I
4%
O
4%
O
4%
O
4%
O
4%
O
4%
O
4%
O
4%
P
4%
P
4%
P
4%
P
4%
P
4%
P
4%
P
4%
P
4%
U
4%
U
4%
U
4%
U
4%
U
4%
U
4%
U
4%
U
4%
I
2%
O
2%
I
0%
I
0%
I
0%
I
0%
I
0%
I
0%
I
0%
I
0%
I
0%
I
0%
I
0%
I
0%
I
0%
I
0%
I
0%
I
0%
I
0%
I
0%
I
0%
I
0%
I
0%
I
0%
O
0%
O
0%
O
0%
O
0%
O
0%
O
0%
O
0%
O
0%
O
0%
O
0%
O
0%
O
0%
O
0%
O
0%
O
0%
O
0%
O
0%
O
0%
O
0%
O
0%
O
0%
O
0%
P
0%
P
0%
P
0%
P
0%
P
0%
P
0%
P
0%
P
0%
P
0%
P
0%
P
0%
P
0%
P
0%
P
0%
P
0%
P
0%
P
0%
P
0%
P
0%
P
0%
P
0%
P
0%
U
0%
U
0%
U
0%
U
0%
U
0%
U
0%
U
0%
U
0%
U
0%
U
0%
U
0%
U
0%
U
0%
U
0%
U
0%
U
0%
U
0%
U
0%
U
0%
U
0%
U
0%
U
0%
U
0%
Aucun quiz correspondant
Distribution des résultats
% des personnes avec chaque résultat
Percentile par nombre de réponses
Votre historique - résultats
Vous n’avez pas pris ce quiz